LEADER 01270nam a2200301 i 4500 001 000000158274 003 CaOOAMICUS 005 20070205000000.0 008 070205s1983 it u000 u ita u 013 $a135637 040 $aSeMil$bita 100 1 $aQuéré, France,$d<1936-1995>.$0(OLS)http://semarc/name/41322 240 14$aLes femmes de l'Evangile.$0(OLS)http://semarc/title/139598 245 13$aLe donne nel vangelo /$cFrance Quéré ; Introduzione di Armando Guidetti S.J ; Traduzione dal francese di Marco Micheli. 260 $aMilano :$bRusconi,$c1983. 300 $a216 p. ;$c22 cm. 490 0 $aDimensione religiosa 500 $aFondo Card. Giovanni Colombo. 650 4$aBibbia - NT - Vangeli - Donne.$0(OLS)http://semarc/subject/12067 700 1 $aMicheli, Marco.$0(OLS)http://semarc/name/41323 700 1 $aGuidetti, Armando.$0(OLS)http://semarc/name/6782 830 0$aDimensione religiosa.$0(OLS)http://semarc/title/7299 850 $aSeMil 852 $aSeMil$W1$xVenegono$y1$m1O III 164$j109925$B109925$CSeMilBibl$Z2$F119562 $81 941 1 $a3 961 $aLascito: Colombo Card. Giovanni 996 $6245$aLe donne nel vangelo$9(OLS)http://semarc/title/139597 996 $6260$aMilano :$bRusconi$9(OLS)http://semarc/publisher/30258 LEADER 01056nam a2200217 i 4500 001 000000199933 003 CaOOAMICUS 005 20250612104307.0 008 110330s1909 it u000 u ita u 040 $aSeMil$bita 100 1 $aAlberici, Camillo.$0(OLS)http://semarc/name/72310 245 13$aLa Guerra del 1859 :$bnarrata ai giovinetti, riccamente illustrata con vignette e schizzi topografici /$cCamillo Alberici. 264 1$aFirenze :$bBemporad & Figlio,$c1909. 300 $a100 p. :$bill. ;$c19 cm. 650 4$aGuerre d'indipendenza italiane <1848-1866> - 2. 1859.$0(OLS)http://semarc/subject/44588 650 4$aRisorgimento italiano - 1859.$0(OLS)http://semarc/subject/26388 850 $aSeMil 852 $aSeMil$W1$xVenegono$y1$m3U I 700$j258418$B150467$CSeMilBibl$Z2$F161822 $81 996 $6245$aLa Guerra del 1859 :$bnarrata ai giovinetti, riccamente illustrata con vignette e schizzi topografici$9(OLS)http://semarc/title/289062 996 $6264$aFirenze :$bBemporad & Figlio$9(OLS)http://semarc/publisher/33856